[Event "Corund Ceramica op 2nd"]
[Site "Corund"]
[Date "2016.09.18"]
[Round "6"]
[White "Cirjan, Daniel"]
[Black "Goczo, Melinda"]
[Result "1-0"]
[WhiteElo "1966"]
[BlackElo "2165"]
[PlyCount "147"]
[EventDate "2016.09.14"]
[EventType "swiss"]
[EventRounds "7"]
[EventCountry "ROU"]
[SourceTitle "CBM 174 Extra"]
[Source "ChessBase"]
[SourceDate "2016.10.10"]
[SourceVersion "1"]
[SourceVersionDate "2016.10.10"]
[SourceQuality "1"]

1. d4 Nf6 2. Nf3 g6 3. Nc3 d5 4. Bf4 Bg7 5. e3 0-0 6. Be2 b6 7. Ne5 Bb7 8. h4 Nfd7 9. h5 Nxe5 10. Bxe5 f6 11. Bg3 f5 12. hxg6 hxg6 13. Qd2 Nd7 14. 0-0-0 c6 15. f3 b5 16. Bd3 e5 17. dxe5 Nxe5 18. Bxe5 Bxe5 19. g4 Bc8 20. gxf5 Bxf5 21. Rdg1 d4 22. Ne2 dxe3 23. Qxe3 Qe7 24. Kb1 Bf6 25. Qxe7 Bxe7 26. Bxf5 Rxf5 27. Rxg6+ Kf7 28. Rxc6 Rd8 29. Rh7+ Ke8 30. Rh8+ Bf8 31. c3 Rxf3 32. Nd4 Rf7 33. a3 Kd7 34. Ra6 Kc8 35. Ra5 Rf1+ 36. Ka2 Be7 37. Rxd8+ Bxd8 38. Rxb5 Rf2 39. Rf5 Rxf5 40. Nxf5 Kd7 41. Kb3 Bg5 42. a4 Kc6 43. Kc4 Bc1 44. b4 Bf4 45. Nd4+ Kb7 46. Ne6 Bd2 47. Nc5+ Kb6 48. a5+ Kc6 49. b5+ Kc7 50. Ne4 Bh6 51. Kd5 Bf8 52. Ng5 Ba3 53. Ne6+ Kb7 54. c4 Bb4 55. a6+ Kb6 56. Nd4 Bc5 57. Nf3 Ba3 58. Ne5 Bb4 59. Nd7+ Kc7 60. Nc5 Kb6 61. Na4+ Kc7 62. c5 Ba5 63. Nb2 Be1 64. Nc4 Bf2 65. Ne5 Kb8 66. Kc6 Bg1 67. b6 axb6 68. cxb6 Bh2 69. Nc4 Ka8 70. Na3 Bg3 71. Nb5 Kb8 72. Nc7 Bxc7 73. bxc7+ Ka7 74. Kd7 1-0

[Event "Corund Ceramica op 2nd"]
[Site "Corund"]
[Date "2016.09.15"]
[Round "2"]
[White "Ursan, Petru Sebastian"]
[Black "Cirjan, Daniel"]
[Result "0-1"]
[WhiteElo "2204"]
[BlackElo "1966"]
[PlyCount "48"]
[EventDate "2016.09.14"]
[EventType "swiss"]
[EventRounds "7"]
[EventCountry "ROU"]
[SourceTitle "CBM 174 Extra"]
[Source "ChessBase"]
[SourceDate "2016.10.10"]
[SourceVersion "1"]
[SourceVersionDate "2016.10.10"]
[SourceQuality "1"]

1. d4 f5 2. g3 Nf6 3. Bg2 d5 4. Nh3 c6 5. Nd2 Be6 6. Nf3 Ne4 7. Nf4 Bf7 8. h4 e6 9. c3 Be7 10. Ne5 0-0 11. Bxe4 fxe4 12. f3 exf3 13. exf3 Bf6 14. Ned3 Nd7 15. Be3 e5 16. dxe5 Nxe5 17. Kf2 Nc4 18. Bc5 Re8 19. b3 Nd6 20. Qd2 Nf5 21. Rae1 Qa5 22. Bb4 Qc7 23. Ng2 Qxg3+ 24. Kg1 Nxh4 0-1

[Event "World Amateur-ch"]
[Site "Chalkidiki"]
[Date "2015.04.21"]
[Round "9"]
[White "Villar Reymundo, Juan Antonio"]
[Black "Cirjan, Daniel"]
[Result "1-0"]
[WhiteElo "1989"]
[BlackElo "1937"]
[PlyCount "49"]
[EventDate "2015.04.14"]
[EventType "team-swiss"]
[EventRounds "9"]
[EventCountry "GRE"]
[SourceTitle "CBM 166 Extra"]
[Source "ChessBase"]
[SourceDate "2015.06.18"]
[SourceVersion "1"]
[SourceVersionDate "2015.06.18"]
[SourceQuality "1"]

1. Nf3 f5 2. g3 Nf6 3. Bg2 e6 4. 0-0 Be7 5. c4 0-0 6. b3 d6 7. d4 Qe8 8. Nc3 Nbd7 9. Qc2 Qh5 10. Ba3 g5 11. d5 e5 12. Qxf5 Ng4 13. Qe6+ Rf7 14. h3 Nxf2 15. g4 Nxh3+ 16. Kh2 Nf6 17. gxh5 Bxe6 18. dxe6 Rg7 19. Bxh3 g4 20. Bg2 gxf3 21. Bxf3 c6 22. Rg1 Re8 23. Ne4 c5 24. Rxg7+ Kxg7 25. Rg1+ 1-0

[Event "Albena op 19th"]
[Site "Albena"]
[Date "2011.06.25"]
[Round "1"]
[White "Lupulescu, Constantin"]
[Black "Cirjan, Daniel"]
[Result "1-0"]
[WhiteElo "2638"]
[BlackElo "1975"]
[PlyCount "53"]
[EventDate "2011.06.25"]
[EventType "swiss"]
[EventRounds "9"]
[EventCountry "BUL"]
[SourceTitle "CBM 143 Extra"]
[Source "ChessBase"]
[SourceDate "2011.08.29"]
[SourceVersion "1"]
[SourceVersionDate "2011.08.29"]
[SourceQuality "1"]

1. e4 c6 2. c4 d5 3. cxd5 cxd5 4. exd5 Nf6 5. Qa4+ Nbd7 6. Nc3 g6 7. Bc4 Bg7 8. Nf3 0-0 9. d3 Nb6 10. Qb3 Ne8 11. Be3 Nd6 12. 0-0 Bg4 13. Nd2 Bd7 14. a4 Qc7 15. a5 Nbc8 16. Rfc1 Nf5 17. Nf3 Ncd6 18. Bf4 a6 19. Ne4 Qb8 20. Qb4 h5 21. h3 Rd8 22. Ba2 Bb5 23. Nc5 Qa7 24. d4 Rac8 25. Ne5 Ne8 26. Nxf7 Kxf7 27. d6+ 1-0

[Event "Benidorm op U2300 09th"]
[Site "Benidorm"]
[Date "2010.12.03"]
[Round "1"]
[White "Garcia Amoros, Pablo"]
[Black "Cirjan, Daniel"]
[Result "1-0"]
[WhiteElo "2168"]
[BlackElo "1989"]
[PlyCount "57"]
[EventDate "2010.12.03"]
[EventType "swiss"]
[EventRounds "10"]
[EventCountry "ESP"]
[SourceTitle "CBM 139 Extra"]
[Source "ChessBase"]
[SourceDate "2011.01.05"]
[SourceVersion "1"]
[SourceVersionDate "2011.01.05"]
[SourceQuality "1"]

1. e4 c6 2. d4 d5 3. Nc3 dxe4 4. Nxe4 Nf6 5. Nxf6+ exf6 6. c3 Bd6 7. Bd3 0-0 8. Ne2 Bg4 9. Qc2 g6 10. Bh6 Re8 11. f3 Be6 12. c4 Na6 13. a3 Nc7 14. h4 b5 15. c5 Be7 16. Be3 f5 17. h5 Bf6 18. hxg6 fxg6 19. 0-0-0 a5 20. g4 fxg4 21. Bxg6 hxg6 22. Qxg6+ Bg7 23. Bg5 Qd7 24. fxg4 Bf7 25. Qh7+ Kf8 26. Bh6 Rxe2 27. Qxg7+ Ke7 28. Bg5+ Ke6 29. Rh6+ 1-0

[Event "Miercurea Ciuc Premium A1"]
[Site "Miercurea Ciuc"]
[Date "2002.08.25"]
[Round "9"]
[White "Fugulyan, Grigore"]
[Black "Cirjan, Daniel"]
[Result "1/2-1/2"]
[WhiteElo "2087"]
[BlackElo "2051"]
[PlyCount "113"]
[EventDate "2002.08.19"]
[EventType "tourn"]
[EventRounds "9"]
[EventCountry "ROU"]
[SourceTitle "CBM 089 Extra"]
[Source "ChessBase"]
[SourceDate "2002.09.10"]
[SourceVersion "2"]
[SourceVersionDate "2002.09.10"]
[SourceQuality "1"]

1. d4 Nf6 2. c4 g6 3. Nc3 d5 4. e3 Bg7 5. Nf3 0-0 6. Be2 c6 7. Ne5 a6 8. 0-0 dxc4 9. Bxc4 b5 10. Be2 c5 11. Bf3 Ra7 12. dxc5 Qc7 13. Nd3 Bb7 14. e4 Rd8 15. Bf4 Qc8 16. Bxb8 Qxb8 17. Qc2 b4 18. Nxb4 Bxe4 19. Nxe4 Qxb4 20. Rad1 Rxd1 21. Rxd1 Rd7 22. Nxf6+ Bxf6 23. c6 Rc7 24. b3 Be5 25. g3 Bd6 26. Qd2 a5 27. Qd3 Qc5 28. Qd4 Qb4 29. Qd3 Qc5 30. a4 Qb4 31. Qb5 Rc8 32. Qxb4 Bxb4 33. Rd7 Kg7 34. Ra7 h5 35. Kf1 Kf6 36. c7 Ke5 37. Be2 Kd6 38. Bb5 f6 39. h4 g5 40. Kg2 Rxc7 41. Rxc7 Kxc7 42. Be8 gxh4 43. gxh4 Kd6 44. Bxh5 Ke5 45. Kf3 Kf5 46. Be8 Be1 47. h5 Kg5 48. Ke2 Bb4 49. f4+ Kh6 50. Kd3 Bd6 51. Kc4 Bxf4 52. b4 axb4 53. Kxb4 Be3 54. Kc4 Bd2 55. Kd5 e5 56. Ke4 Ba5 57. Kf5 1/2-1/2

[Event "Miercurea Ciuc Premium A1"]
[Site "Miercurea Ciuc"]
[Date "2002.08.21"]
[Round "4"]
[White "Cirjan, Daniel"]
[Black "Stuermer, Martin"]
[Result "1/2-1/2"]
[WhiteElo "2051"]
[BlackElo "2052"]
[PlyCount "129"]
[EventDate "2002.08.19"]
[EventType "tourn"]
[EventRounds "9"]
[EventCountry "ROU"]
[SourceTitle "CBM 089 Extra"]
[Source "ChessBase"]
[SourceDate "2002.09.10"]
[SourceVersion "2"]
[SourceVersionDate "2002.09.10"]
[SourceQuality "1"]

1. d4 Nf6 2. Nf3 e6 3. Bf4 Nc6 4. Nbd2 d5 5. e3 Bd6 6. Ne5 Ne7 7. c3 Ng6 8. Bg3 Qe7 9. Bd3 c6 10. h4 Bc7 11. h5 Nxe5 12. dxe5 Nd7 13. Nf3 h6 14. Rc1 Nb6 15. Nd4 a6 16. Qg4 Qf8 17. 0-0 Bd7 18. b3 0-0-0 19. c4 c5 20. Nf3 Kb8 21. a4 dxc4 22. Bxc4 Bc6 23. Rc2 Nxc4 24. Qxc4 Bd5 25. Qc3 Rc8 26. Nd2 Bb6 27. a5 Ba7 28. Rfc1 Qd8 29. f3 c4 30. bxc4 Qg5 31. Bf2 Qxh5 32. Qb2 Bc6 33. c5 Rhd8 34. e4 Rd3 35. Nc4 Ba4 36. Nd6 Rc7 37. Rc4 Bc6 38. Qc2 Ra3 39. Qb2 Rd3 40. Qc2 Ra3 41. Qb2 Rd3 42. Kf1 Bb5 43. Nxb5 axb5 44. Rd4 Rxd4 45. Bxd4 Qh1+ 46. Kf2 Qh4+ 47. Ke2 Qd8 48. Be3 Qe8 49. Qd4 Rd7 50. Qb4 Ka8 51. Rc2 Bb8 52. f4 Rd8 53. Rb2 Rc8 54. Qxb5 Qxb5+ 55. Rxb5 Rc6 56. Rb6 Bc7 57. Rb5 Kb8 58. Kd3 Kc8 59. Bd4 Bd8 60. Ke3 Ra6 61. Bc3 Rc6 62. Bd4 Ra6 63. Bc3 Rc6 64. Bd4 Ra6 65. Bc3 1/2-1/2

[Event "Miercurea Ciuc Premium A1"]
[Site "Miercurea Ciuc"]
[Date "2002.08.19"]
[Round "1"]
[White "Schmid, Siegfried"]
[Black "Cirjan, Daniel"]
[Result "1-0"]
[WhiteElo "2241"]
[BlackElo "2051"]
[PlyCount "73"]
[EventDate "2002.08.19"]
[EventType "tourn"]
[EventRounds "9"]
[EventCountry "ROU"]
[SourceTitle "CBM 089 Extra"]
[Source "ChessBase"]
[SourceDate "2002.09.10"]
[SourceVersion "2"]
[SourceVersionDate "2002.09.10"]
[SourceQuality "1"]

1. e4 e6 2. Qe2 c5 3. g3 Nc6 4. c3 d6 5. Bg2 g6 6. f4 Nge7 7. Nf3 Bg7 8. 0-0 e5 9. d3 0-0 10. Be3 b6 11. Na3 Be6 12. Ng5 Qd7 13. Nxe6 fxe6 14. Bh3 Rae8 15. Qg4 Nd8 16. fxe5 Bxe5 17. Nc4 Bg7 18. Bf4 Nc8 19. Bg2 b5 20. Nd2 b4 21. Rac1 Qa4 22. Nc4 bxc3 23. bxc3 Qa6 24. Qd1 e5 25. Be3 Rxf1+ 26. Bxf1 Ne6 27. Qb3 Kh8 28. Bh3 Nb6 29. Bxe6 Rxe6 30. Nxb6 Qxd3 31. Nd5 Rf6 32. c4 Qxb3 33. axb3 Rf7 34. Ra1 Bf8 35. Rf1 Rxf1+ 36. Kxf1 Kg7 37. Nc7 1-0